000 01197nam a22002777a 4500
003 PE SENCICO BE
005 20251020182627.0
008 230220b |||||||| |||| 00| 0 eng d
020 _a978-612-4221-44-6
040 _aPE SENCICO BE
_cPE SENCICO BE
082 _a720.985
_bM88
100 1 _9651
_aMujica Pinilla, Marisa
_eautor
245 1 _aPerú :
_barquitectura y espacios sagrados /
_ctextos, Marisa Mujica, María Helena Tord ; prólogo, José García Bryce ; comité consultivo, José Canziani, Frederick Cooper, Jean Pierre Crousse ... [y otros].
250 _a1a ed.
260 _aLima :
_bUniversidad de San Martín de Porres, Facultad de Ciencias de la Comunicación, Turismo y Psicología, Facultad de Ingeniería y Arquitectura :
_bForma & imagen,
_c2016
300 _a333 p. :
_bil. col.,
_c30 cm.
504 _aBibliografía: p. 325-333.
650 1 4 _9652
_aArquitectura peruana
650 2 4 _9380
_aArquitectura religiosa
650 2 4 _9653
_aMonumentos históricos
650 2 4 _9570
_aArquitectura urbana
700 1 _9654
_aTord, María Helena
700 1 _9655
_aGarcía Bryce, José
910 _bhfp
_chfp
942 _2ddc
_cLIB
_h720.985
_iM88
999 _c3840
_d3840